| 000 | 01203ny a22003013n 4500 | ||
|---|---|---|---|
| 003 | CaPaEBR | ||
| 005 | 20240305165327.0 | ||
| 006 | m u | ||
| 007 | cr cn||||||||| | ||
| 008 | 200805r20042008sp |||||s|||||||||||spa d | ||
| 020 | _a9788476987254 | ||
| 035 | _a475 | ||
| 040 |
_aFlNmELB _cFlNmELB _dvlex |
||
| 050 | 1 | 4 |
_aKKT3544.52003 _bN964 2004eb |
| 080 | _a342:336.221(460) | ||
| 090 |
_c1197 _d1197 |
||
| 245 | 0 | 0 |
_aNueva Ley General Tributaria _h[Recurso electrónico] _bLey 58/2003 de 17 de diciembre / _cRey Quiroga, Begoña, ...[et al.] |
| 256 | _aServicio en línea | ||
| 260 |
_aBarcelona : _bBOSCH EDITOR, _c2004 |
||
| 300 | _a7-559 p | ||
| 506 | 1 |
_aContenido solo disponible en los productos indicados _dvLex Global _dvLex Global (Academic Edition, excluding Law Schools) _dvLex Global (U.S. Academic Edition, Law Schools) _dvLex Global (U.S. Academic Edition, excluding Law Schools) _dvLex Global (Academic Edition, Law Schools) |
|
| 650 | 0 | 4 | _aTributario |
| 650 | 0 | 4 | _aDerecho tributario |
| 700 | 1 |
_aRey Quiroga, Begoña, _eaut |
|
| 740 | 0 | _avLex Libros (Servicios en línea) | |
| 856 | 4 | 0 | _uhttps://app.vlex.com/#/sources/ley-general-tributaria-nueva-475 |
| 942 | _cRAA | ||
| 999 |
_c159691 _d159691 |
||